000 01674cam a2200145 4500500
005 20251012003617.0
041 _afre
042 _adc
100 1 0 _aBenattar, Linda
_eauthor
700 1 0 _a Lemoine, Patrick
_eauthor
245 0 0 _aLa vie Alzheimer
260 _bArmand Colin,
_c2009.
520 _aMaladie véritable ou mutation de l’être, la maladie d’Alzheimer pose une douloureuse énigme. Tout, ici, est une question de point de vue: médical, anthropologique, sociologique… affectif ! Il n’en reste pas moins que ces personnes recèlent en elles des trésors de tendresse que nul ne saurait contester, même si s’occuper d’un proche Alzheimer reste un véritable parcours du combattant. Un voyage long, difficile, épuisant.Cet ouvrage, fourmillant d’exemples pratiques, est destiné à faciliter la vie de ces personnes et de leur entourage familial et professionnel. Montrant bien les causes d’échec des prises en charge classiques, les auteurs abordent le sujet sous un angle positif.Ils mettent l’accent sur les bénéfices et le bien-être qu’apporte un environnement de vie approprié, sans entrave ni contention. Il ne s’agit plus de traiter, mais de prendre soin. Un changement global d’attitude est dès lors nécessaire pour apaiser la personne, réduire son traitement, lui permettre d’accéder à une autre dimension du bonheur, maladie contagieuse comme chacun sait.Proches familiaux et professionnels trouveront ici de précieux conseils de vie et d’accompagnement à la maison et en institution.
856 4 1 _uhttps://shs.cairn.info/la-vie-alzheimer--9782200350727?lang=fr&redirect-ssocas=7080
999 _c1513167
_d1513167